00722nam a2200241 a 4500001001300000003000900013005001700022008004100039020002300080082001700103100001700120245005400137260004000191300000900231500003500240505001000275650002600285700001700311902000800328942000700336952012000343999001700463nice12345678IN_TiNIC20260116014935.0050524s1987 jeda grp 000 0 eng  a0340410 c10000a248.843bATK aAtkins, Anne aSplit Imageb Male and Female After God`s Likenes aJeddahbHodder and Stoughton c1987 a256p aincludes index and biblioraphy2 aNotes aWomen in Christianity1 aAtkins, Anne bSRS cBK 001040708StackRoom-aHMIbHMId2007-07-09g100.00l0o248.843 ATKp11000877r2007-07-09v100.00w2005-05-24yBK c17637d17637